000 00615nam a22001937a 4500
003 AM-YeHGA
005 20250617154211.0
008 180619s1945 ru ||||| |||| 00| 0 rus d
040 _aAM-YeHGA
041 _arus
_harm
100 1 _4Сарян, Гегам Багдасарович
245 1 0 _aБаллады/
_cГегам Сарян; Пер. в. Звягинцевой
260 _aМосква :
_bГослитиздат,
_c1945.
300 _a63 с.
653 0 _aАрмянская литература
700 1 _aЗвягинцева, Вера
_eпер.
_4trl
942 _2udc
_cBK
090 _c409126
999 _c406862
_d406862